Estimates of state income of Madhya Pradesh (Record no. 496826)

000 -LEADER
fixed length control field 00434cam a22001217a 4500
008 - FIXED-LENGTH DATA ELEMENTS--GENERAL INFORMATION
fixed length control field 180718b xxu||||| |||| 00| 0 eng d
082 ## - DEWEY DECIMAL CLASSIFICATION NUMBER
Classification number T112x5422
245 ## - TITLE STATEMENT
Title Estimates of state income of Madhya Pradesh
Statement of responsibility, etc. by Directorate of Economics and Statistics
260 ## - PUBLICATION, DISTRIBUTION, ETC.
Place of publication, distribution, etc.
Name of publisher, distributor, etc. Government of Madhya Pradesh
Date of publication, distribution, etc.
300 ## - PHYSICAL DESCRIPTION
Extent v.p.
500 ## - GENERAL NOTE
General note Contents: Library has 1950-51 to 1962-70
700 ## - ADDED ENTRY--PERSONAL NAME
Personal name Madhya Pradesh. Directorate of Economics and Statistics
Holdings
Withdrawn status Lost status Damaged status Not for loan Permanent Location Current Location Date acquired Full call number Barcode Date last seen Price effective from Koha item type
        Indian Institute of Public Administration Indian Institute of Public Administration 2018-08-04 T112x5422 GG15503 2018-08-04 2018-08-04 GG
        Indian Institute of Public Administration Indian Institute of Public Administration 2018-08-04 T112x5422 GG15502 2018-08-04 2018-08-04 GG
        Indian Institute of Public Administration Indian Institute of Public Administration 2018-08-04 T112x5422 GG3703 2018-08-04 2018-08-04 GG
        Indian Institute of Public Administration Indian Institute of Public Administration 2018-08-04 T112x5422 GG524 2018-08-04 2018-08-04 GG

Powered by Koha